RRF 2.0: Ein permanenter EU-Investitionsfonds im Kontext von Energiekrise, Klimawandel und EU-Fiskalregeln (Record no. 8982)

MARC details
000 -LEADER
fixed length control field 04773nam a22003617u 4500
001 - CONTROL NUMBER
control field pwiiw6413
003 - CONTROL NUMBER IDENTIFIER
control field OSt
005 - DATE AND TIME OF LATEST TRANSACTION
control field 20260516120049.0
008 - FIXED-LENGTH DATA ELEMENTS--GENERAL INFORMATION
fixed length control field 221129t2022 au ||||| |||||||| ||ger d
040 ## - CATALOGING SOURCE
Transcribing agency OSt
041 ## - LANGUAGE CODE
Language code of text/sound track or separate title ger
084 ## - OTHER CLASSIFICATION NUMBER
Classification number H54
-- H63
-- R42
Number source jelc
100 1# - MAIN ENTRY--PERSONAL NAME
Personal name Heimberger, Philipp
245 10 - TITLE STATEMENT
Title RRF 2.0: Ein permanenter EU-Investitionsfonds im Kontext von Energiekrise, Klimawandel und EU-Fiskalregeln
260 ## - PUBLICATION, DISTRIBUTION, ETC.
Place of publication, distribution, etc. Wien :
Name of publisher, distributor, etc. Wiener Institut für Internationale Wirtschaftsvergleiche (wiiw),
Date of publication, distribution, etc. 2022.
300 ## - PHYSICAL DESCRIPTION
Extent 27 S.,
Other physical details 6 Figures,
Dimensions 30cm.
490 1# - SERIES STATEMENT
Series statement wiiw Research Reports in German Language
Volume/sequential designation 23
520 ## - SUMMARY, ETC.
Summary, etc. RRF 2.0: Ein permanenter EU-Investitionsfonds im Kontext von Energiekrise, Klimawandel und EU-Fiskalregeln<br/><br/>This publication is available in German language only.<br/><br/>For a brief English summary see further below.<br/><br/>Während der Klimawandel schon länger eine grüne Wende unseres Wirtschaftens verlangt, beschleunigt die aktuelle Energiekrise die Dringlichkeit für eine Umstellung der Energie- und Transportsysteme. Die Recovery and Resilience Facility (RRF), welche zur wirtschaftlichen Abfederung der Covid-19-Krise beschlossen wurde, entspricht einer ersten groß angelegten EU-weiten Investitionsinitiative, die unter anderem Ziele im Bereich der Dekarbonisierung verfolgt. Die RRF-Ausgaben werden jedoch nicht ausreichen, um die Klimaziele in den kommenden Jahrzehnten zu erreichen. Zur Einhaltung der Klimaziele bräuchte es zusätzliche öffentliche Investitionen im Umfang von mindestens 1% der EU-Wirtschafsleistung pro Jahr. Die in Aussicht stehende Reform der EU-Fiskalregeln würde eine Steigerung der öffentlichen Investitionen auf nationaler Ebene nicht in ausreichendem Maße ermöglichen. Die Einrichtung eines permanenten EU-Klima- und Energieinvestitionsfonds mit Zuschüssen im Ausmaß von mindestens 1% der EU-Wirtschaftsleistung zur Finanzierung öffentlicher Investitionen stellt eine funktional adäquate Alternative zur goldenen Investitionsregel dar: Der Spielraum in den nationalen Haushalten der EU-Mitgliedstaaten würde sich wesentlich erweitern, sodass die Regierungen einen wichtigen Schritt in Richtung einer grünen Wende setzen und gleichzeitig die EU-Fiskalregeln eher einhalten können. Die finanzierten Investitionsprojekte könnten außerdem verstärkt auf genuin europäische Projekte mit einem EU-Mehrwert gerichtet werden. Ein solcher permanenter EU-Investitionsfonds für Klima und Energie könnte die Gemeinschaft der EU-Mitgliedstaaten nicht nur von innen heraus wirtschaftlich und politisch stärken, sondern auch ihre zukünftige geostrategische Handlungsfähigkeit in unsicheren Zeiten fördern.<br/><br/>RRF 2.0: A Permanent EU Investment Fund in the Context of the Energy Crisis, Climate Change and EU Fiscal Rules<br/><br/>While climate change has long called for a green shift in our economies, the current energy crisis leads to an increased urgency when it comes to transforming the energy and transportation systems. The Recovery and Resilience Facility (RRF), which was adopted to support recovery from the Covid-19 crisis, corresponds to a first large-scale EU-wide investment initiative, including decarbonization goals. However, RRF spending will not be sufficient to meet climate targets in the coming decades. Meeting climate targets would require additional public investment equivalent to at least 1% of EU economic output per year. The reform of EU fiscal rules under consideration would not enable a sufficient increase in public investment at the national level. The establishment of a permanent EU climate and energy investment fund amounting to at least 1% of EU economic output to finance public investment represents a functionally adequate alternative to the golden rule of investment. The fiscal space in the national budgets of EU member states would be substantially expanded, allowing governments to take an important step in the green transition while being more likely to comply with EU fiscal rules. Investment could also be increasingly directed toward genuinely European projects with EU added value. Such a permanent EU investment fund for climate and energy would not only strengthen the community of EU member states economically and politically from within, but also promote its future geostrategic capacity to act.<br/>
650 ## - SUBJECT ADDED ENTRY--TOPICAL TERM
Topical term or geographic name entry element Investitionen
650 ## - SUBJECT ADDED ENTRY--TOPICAL TERM
Topical term or geographic name entry element EU
650 ## - SUBJECT ADDED ENTRY--TOPICAL TERM
Topical term or geographic name entry element Europa
650 ## - SUBJECT ADDED ENTRY--TOPICAL TERM
Topical term or geographic name entry element Klimawandel
650 ## - SUBJECT ADDED ENTRY--TOPICAL TERM
Topical term or geographic name entry element Energiekrise
650 ## - SUBJECT ADDED ENTRY--TOPICAL TERM
Topical term or geographic name entry element Finanzierung
650 ## - SUBJECT ADDED ENTRY--TOPICAL TERM
Topical term or geographic name entry element RRF 2.0
651 ## - SUBJECT ADDED ENTRY--GEOGRAPHIC NAME
Geographic name Austria
651 ## - SUBJECT ADDED ENTRY--GEOGRAPHIC NAME
Geographic name European Union
690 ## - LOCAL SUBJECT ADDED ENTRY--TOPICAL TERM (OCLC, RLIN)
Topical term or geographic name as entry element Macroeconomic Analysis and Policy
700 1# - ADDED ENTRY--PERSONAL NAME
Personal name Lichtenberger, Andreas
830 #0 - SERIES ADDED ENTRY--UNIFORM TITLE
Volume/sequential designation 23
Bibliographic record control number WIIW0000108
Title of a work wiiw Research Reports in German Language
856 40 - ELECTRONIC LOCATION AND ACCESS
Uniform Resource Identifier <a href="https://wiiw.ac.at/p-6413.html">https://wiiw.ac.at/p-6413.html</a>
942 ## - ADDED ENTRY ELEMENTS (KOHA)
Koha item type Paper
Holdings
Withdrawn status Lost status Damaged status Not for loan Home library Current library Shelving location Date acquired Inventory number Total Checkouts Barcode Date last seen Price effective from Koha item type
        WIIW WIIW Library 11/29/2022 pwiiw6413   1000010006413 11/29/2022 11/29/2022 Paper
The Vienna Instiute for International Economic Studies (wiiw)